000 01567nam a22004217a 4500
003 CHAP
005 20220329143334.0
008 080924s2007 mx r 00010 spa d
010 _a95166
011 _a96138
035 _a106781
040 _cCHAP
090 _aTesis
100 1 _aOsorio Cruz, Filiberto
_984214
245 1 0 _aRentabilidad de la producción de pie de cría ovino
_c/por Filiberto Osorio Cruz
260 _aChapingo, Méx. :
_bEl autor,
_c2007
300 _axii, 113 h.
_bcuadros, gráfs.
502 _aTesis (Ing. Agr. Esp. en Zootecnia) -- UACH. Departamento de Zootecnia
530 _aTambién disponible en línea
590 _aALEPH
_b10
_c20130110
_lUCH01
_h1524
590 _aBATCH-UPD
_b10
_c20130110
_lUCH01
_h0504
590 _aBATCH-UPD
_b10
_c20130410
_lUCH01
_h0142
590 _aBATCH-UPD
_b10
_c20130914
_lUCH01
_h1513
590 _aBATCH-UPD
_b10
_c20140324
_lUCH01
_h1507
590 _aBATCH-UPD
_b10
_c20141002
_lUCH01
_h0837
590 _aCONVERSION
_b10
_c20130109
_lUCH01
_h1353
650 1 4 _aGanado lanar
_xAspectos económicos.
_945157
650 1 4 _aGanado lanar
_xCría de.
_945167
650 1 4 _aGanado lanar
_xMercadeo.
_945195
650 1 4 _aGanado lanar
_xProducción.
_945214
650 1 4 _aOferta y demanda.
_982790
650 1 4 _aSubsidios.
_9110160
856 _3Finding aid
_uhttp://10.13.5.2/tesis/106781.pdf
_zTeclea aqui
901 _aBK
942 _cFOLL
949 _aTesis
_bBC
_cTES
_d33724002071595
_eTS1
_gDonaciØn
_h48151
_i106781
_sb
949 _aTesis
_bBC
_cTES
_d33724002071637
_eTS2
_fc.2
_gDonaciØn
_h48152
_i106781
_si
999 _c95166
_d95166